000 00604cam a22002053a 4500
001 44908
003 PGUSA
005 20140828084027.0
008 140214s2014||||xxu|||||s|||||000 | eng d
040 _aPGUSA
_beng
042 _adc
100 1 _aAdams, Brooks,
_d1848-1927
245 1 4 _aThe Law of Civilization and Decay :
_bAn Essay on History
_h[electronic resource] /
_cBrooks Adams
260 _bProject Gutenberg,
_c2014
506 _aPublic domain in the USA.
516 _aElectronic text
830 0 _aProject Gutenberg
_v44908
856 4 0 _uhttp://www.gutenberg.org/ebooks/44908
942 _cEB
999 _c274159
_d274159